| 000 | 00658nam a2200169 a 4500 | ||
|---|---|---|---|
| 001 | 000031085 | ||
| 005 | 20200930062708.0 | ||
| 008 | 110613s2008 dr r 000 | spa d | ||
| 040 |
_aDO-SdBNP _bspa _cBNPHU |
||
| 082 |
_axxxx _bR426L, 2008 |
||
| 110 | 1 |
_aRepública Dominicana. _bley No. 41-08 _957560 |
|
| 240 | 0 | 1 | _aleyes y decretos |
| 245 | 1 | 0 |
_aLey No. 41-08 de función pública y crea la Secretaría de Estado de Administración Pública / _cpresentación de Ramón Ventura Camejo. |
| 260 |
_aSanto Domingo : _bSecretaría de Estado de Administración Pública, _c2008. |
||
| 300 |
_a56 p. ; _c21 cm. |
||
| 700 | 1 |
_aVentura Camejo, Ramón, _epresent. _926937 |
|
| 999 |
_c30577 _d30577 |
||